[Event "33rd ECCC Open 2017"]
[Site "Antalya"]
[Date "2017.10.13"]
[Round "6"]
[White "Dinev, Dejan"]
[Black "Varga, Zoltan"]
[Result "1-0"]
[WhiteElo "2271"]
[BlackElo "2451"]
[Annotator "TA"]
[PlyCount "83"]
[EventType "team-tourn"]
[EventCountry "TUR"]
[SourceTitle "playchess.com"]
[Source "ChessBase"]
[SourceQuality "1"]
[WhiteTeam "Asseco See"]
[BlackTeam "Dunajska Streda"]

{[%evp 9,83,-8,0,0,0,0,0,0,11,11,13,6,10,0,0,6,20,17,41,12,14,0,-4,-18,0,-13,6,6,6,4,20,-8,27,-26,-33,-22,-12,-75,-64,-99,-40,-48,-63,-75,0,0,206,185,203,206,197,198,192,160,150,149,227,211,300,295,288,293,272,267,340,289,287,0,339,339,341,306,310,337,350,343]} 1. d4 d5 2. Nf3 Nf6 3. e3 e6 4. Bd3 c5 5. c3 Nbd7 6. O-O {D05: Colle System with ...e6} b6 7. Nbd2 Bb7 8. Qe2 {The position is equal.} (8. b3 Be7 9. Bb2 O-O 10. Qe2 Ne4 11. Rfd1 cxd4 12. cxd4 f5 13. Rac1 a6 14. Rc2 Bd6 15. Ne5 Bxe5 16. dxe5 {1-0 (41) Grachev,B (2673)-Morozevich,A (2731) Moscow 2014}) 8... Be7 9. e4 c4 $146 ({Predecessor:} 9... dxe4 10. Nxe4 Nxe4 11. Bxe4 Bxe4 12. Qxe4 O-O 13. Bf4 Nf6 {½-½ (34) Pezerovic,E (2447)-Sokolov,A (2572) Bad Wiessee 2009}) 10. Bc2 Nxe4 11. Nxe4 dxe4 12. Nd2 b5 13. Nxe4 Nf6 14. f3 O-O 15. Bd2 Qc7 16. Rae1 Rfe8 17. g3 Nxe4 18. fxe4 e5 19. Qh5 Bf8 20. Be3 a6 21. Rf2 (21. d5 $142) 21... exd4 $11 22. Bxd4 Rad8 23. Rf4 (23. Ref1 $11 {was the only way to keep the balance.} Rd7 24. Rf4) 23... g6 $17 24. Qg5 Re6 (24... Be7 $17 25. Qh6 Rxd4 26. Rxf7 (26. cxd4 Qd8 $17) 26... Kxf7 27. Qxh7+ Ke6 28. cxd4 Kd7 29. Qxg6 c3) 25. Ref1 $15 Rd7 26. b3 h6 (26... Bg7 $17) 27. Qg4 $1 $40 {[%cal Rg4e6][%mdl 128] White is up to no good.} Bc8 $2 {[#]} (27... Qc8 $11) 28. Qxe6 $1 $18 {[%mdl 512]} Qxf4 {[#]} (28... fxe6 29. Rxf8+) 29. Qxg6+ $1 {[%mdl 512]} fxg6 30. gxf4 ({Much less strong is} 30. Rxf4 $6 Bg7 $16) 30... Rf7 31. f5 gxf5 32. exf5 Bb7 (32... Bd6 $16 {is a better defense.} 33. Rf2 Bb7) 33. Rf4 Rc7 (33... Rd7 $142 34. Rg4+ Kf7) 34. Rg4+ Kf7 35. bxc4 bxc4 36. Rg6 Bc6 37. Rf6+ Kg8 38. Rg6+ Kf7 39. Kf2 {White has a decisive advantage.} Rc8 40. Rf6+ Kg8 41. Bd1 a5 42. Rg6+ {Precision: White = 55%, Black = 42%.} 1-0

[Event "33rd ECCC Open 2017"]
[Site "Antalya"]
[Date "2017.10.13"]
[Round "6"]
[White "Apaydin, Fethi"]
[Black "Walton, Alan J"]
[Result "1-0"]
[WhiteElo "2262"]
[BlackElo "2207"]
[Annotator "NA"]
[PlyCount "59"]
[EventType "team-tourn"]
[EventCountry "TUR"]
[SourceTitle "playchess.com"]
[Source "ChessBase"]
[SourceQuality "1"]
[WhiteTeam "Besiktas"]
[BlackTeam "3CS Oldham"]
[TimeControl "40/5400+30:1800+30"]

1. e4 {[%emt 0:02:30]} e6 {[%emt 0:01:00]} 2. d3 {[%emt 0:00:30]} d5 {[%emt 0:00:30]} 3. Nd2 {[%emt 0:00:30]} Nf6 {[%emt 0:00:30]} 4. e5 {[%emt 0:00:00]} Nfd7 {[%emt 0:00:00]} 5. f4 {[%emt 0:00:00]} c5 {[%emt 0:00:00]} 6. g3 {[%emt 0:00:30] C00: French: Unusual White 2nd moves} Nc6 {[%emt 0:00:00]} 7. Ndf3 {[%emt 0:00:00]} b5 {[%emt 0:00:00]} 8. Bh3 {[%emt 0:06:00]} b4 {[%emt 0:05:30]} 9. Ne2 {[%emt 0:02:30]} a5 $146 {[%emt 0:00:30]} ({Predecessor:} 9... Qb6 10. O-O Be7 11. g4 h5 12. g5 g6 13. Be3 a5 14. c4 d4 15. Bc1 Bf8 {½-½ (39) Degraeve,J (2515)-Santo Roman,M (2385) Auxerre 1996}) 10. O-O {[%emt 0:01:30]} g6 {[%emt 0:04:30]} 11. g4 {[%emt 0:03:30]} Be7 {[%emt 0:04:30]} 12. Ng3 {[%emt 0:05:30]} Ba6 {[%emt 0:07:30]} 13. Rf2 {[%emt 0:15:30]} Qb6 {[%emt 0:04:30]} 14. c3 {[%emt 0:03:30]} O-O-O {[%emt 0:01:30]} 15. d4 {[%emt 0:06:30]} Rdg8 {[%emt 0:08:30]} 16. Be3 {[%emt 0:13:30]} c4 {[%emt 0:06:30]} 17. Kh1 {[%emt 0:03:30]} Bb7 {[%emt 0:04:30]} 18. Rc1 {[%emt 0:04:30]} h5 {[%emt 0:05:30]} 19. gxh5 {[%emt 0:02:30]} g5 $18 {[%emt 0:00:30]} ({Black should try} 19... Kb8 $14) 20. Nxg5 {[%emt 0:13:53]} Bxg5 {[%emt 0:00:30]} 21. fxg5 {[%emt 0:00:05]} Ncxe5 {[%emt 0:00:00]} 22. cxb4 {[%emt 0:01:14]} axb4 {[%emt 0:01:00]} 23. Bg2 {[%emt 0:02:38]} f5 {[%emt 0:00:30]} 24. h3 {[%emt 0:03:08]} Bc6 {[%emt 0:02:30]} 25. Rd2 {[%emt 0:02:37]} Kb7 {[%emt 0:01:30]} 26. Bf4 {[%emt 0:00:44]} Nd3 {[%emt 0:03:30]} 27. Rxd3 {[%emt 0:00:30]} cxd3 {[%emt 0:00:00]} 28. Qxd3 {[%emt 0:00:00]} Rc8 {[%emt 0:00:00]} 29. Re1 {[%emt 0:00:00]} Bb5 {[%emt 0:01:30]} 30. Qe3 {[%emt 0:00:00]} 1-0

[Event "33rd ECCC Open 2017"]
[Site "Antalya"]
[Date "2017.10.13"]
[Round "6"]
[White "Aleksic, Nenad C"]
[Black "Fejzullahu, Afrim"]
[Result "1/2-1/2"]
[WhiteElo "2261"]
[BlackElo "2272"]
[Annotator "NA"]
[PlyCount "61"]
[EventType "team-tourn"]
[EventCountry "TUR"]
[SourceTitle "playchess.com"]
[Source "ChessBase"]
[SourceQuality "1"]
[WhiteTeam "Elektroprivreda"]
[BlackTeam "Hasan Pristina"]
[TimeControl "40/5400+30:1800+30"]

1. d4 {[%emt 0:00:30]} Nf6 {[%emt 0:01:00]} 2. Nf3 {[%emt 0:00:30]} g6 {[%emt 0:00:30]} 3. g3 {[%emt 0:00:00]} Bg7 {[%emt 0:00:30]} 4. Bg2 {[%emt 0:00:00]} O-O {[%emt 0:00:00]} 5. O-O {[%emt 0:00:30]} d5 {[%emt 0:03:00]} 6. c3 {[%emt 0:04:30]} c6 {[%emt 0:01:30]} 7. Nbd2 {[%emt 0:02:30]} Bg4 {[%emt 0:07:30] D02: 1 d4 d5 2 Nf3 sidelines, including 2...Nf6 3 g3 and 2...Nf6 3 Bf4} (7... Bf5 8. Nh4 Bg4 9. Qe1 Nbd7 10. h3 Be6 11. f4 c5 12. g4 Nb6 13. f5 Bd7 14. Ndf3 cxd4 15. cxd4 Ne4 16. Ne5 {½-½ (36) Artemiev,V (2696)-Mamedyarov,S (2791) Sochi 2017}) 8. Re1 {[%emt 0:03:30]} Nbd7 {[%emt 0:02:30]} 9. h3 {[%emt 0:03:30]} Bxf3 {[%emt 0:00:30]} 10. exf3 $146 {[%emt 0:02:30]} ({Predecessor:} 10. Nxf3 Re8 11. Bf4 Nh5 12. Qd2 Nxf4 13. Qxf4 e5 14. dxe5 Nxe5 15. Nxe5 Bxe5 16. Qf3 f5 17. e3 Qc7 18. Rad1 Rad8 19. Rd2 Bg7 20. Red1 Qe7 21. Rd3 Kh8 22. R1d2 {½-½ (22) Faessler,M (1800)-Baumann,C (1800) Biel 1981}) 10... Re8 {[%emt 0:02:30]} 11. f4 {[%emt 0:00:30]} c5 {[%emt 0:01:30]} 12. Nb3 {[%emt 0:00:30]} cxd4 {[%emt 0:06:30]} 13. Nxd4 {[%emt 0:00:30]} e6 {[%emt 0:02:30]} 14. Be3 {[%emt 0:03:30]} a6 {[%emt 0:01:30]} 15. Nf3 {[%emt 0:06:30]} Rc8 {[%emt 0:03:30]} 16. Bd4 {[%emt 0:02:30]} Nb8 {[%emt 0:04:30]} 17. Ne5 {[%emt 0:01:30]} Nfd7 {[%emt 0:02:30]} 18. Nxd7 {[%emt 0:09:30]} Qxd7 {[%emt 0:03:30]} 19. Bxg7 {[%emt 0:00:30]} Kxg7 {[%emt 0:00:30]} 20. Qd4+ {[%emt 0:00:00]} Kg8 {[%emt 0:00:30]} 21. Rad1 {[%emt 0:00:00]} Qb5 {[%emt 0:02:30]} 22. Rd2 {[%emt 0:04:30]} Nc6 {[%emt 0:02:30]} 23. Qf6 $11 {[%emt 0:00:30]} Qc5 {[%emt 0:11:30]} 24. f5 {[%emt 0:07:30]} gxf5 {[%emt 0:02:30]} 25. Qg5+ {[%emt 0:00:30]} Kh8 {[%emt 0:02:30]} 26. Qf6+ {[%emt 0:00:30]} Kg8 {[%emt 0:00:00]} 27. Qg5+ {[%emt 0:00:00]} Kh8 {[%emt 0:00:00]} 28. Qf6+ {[%emt 0:00:00]} Kg8 {[%emt 0:00:30]} 29. Qg5+ {[%emt 0:01:30]} Kh8 {[%emt 0:00:30]} 30. Qf6+ {[%emt 0:00:00]} Kg8 {[%emt 0:00:30]} 31. Qg5+ {[%emt 0:00:00]} 1/2-1/2

[Event "33rd ECCC Open 2017"]
[Site "Antalya"]
[Date "2017.10.13"]
[Round "6"]
[White "Bednarich, Jan"]
[Black "Aslan, Lina"]
[Result "1-0"]
[WhiteElo "2224"]
[BlackElo "1535"]
[Annotator "NA"]
[PlyCount "133"]
[EventType "team-tourn"]
[EventCountry "TUR"]
[SourceTitle "playchess.com"]
[Source "ChessBase"]
[SourceQuality "1"]
[WhiteTeam "Bonnevoie"]
[BlackTeam "Hatay"]
[TimeControl "40/5400+30:1800+30"]

1. Nf3 {[%emt 0:00:30]} d5 {[%emt 0:01:00]} 2. c4 {[%emt 0:00:30]} Nf6 {[%emt 0:00:30]} 3. cxd5 {[%emt 0:00:30]} Nxd5 {[%emt 0:01:30]} 4. e4 {[%emt 0:01:30]} Nf6 {[%emt 0:02:30]} 5. Nc3 {[%emt 0:00:30]} e6 {[%emt 0:01:30]} 6. d4 {[%emt 0:00:30]} Be7 {[%emt 0:03:30]} 7. Bf4 {[%emt 0:02:30] D06: Queen's Gambit: Symmetrical and Baltic Defences} (7. Bc4 O-O 8. O-O Bd7 9. Qe2 Nc6 10. Bf4 Re8 11. Rfd1 Bf8 12. Bg5 h6 13. Bh4 e5 14. Nd5 Nxd4 15. Nxd4 exd4 {1-0 (22) Nguyen Huynh Minh,H (2476)-Tran,Q (2270) Da Lat 2014}) 7... a6 {[%emt 0:03:30]} 8. Rc1 {[%emt 0:01:30]} O-O {[%emt 0:00:30]} 9. Bd3 {[%emt 0:02:30]} c5 $146 {[%emt 0:05:30]} ({Predecessor:} 9... Nc6 10. Bb1 Bb4 11. e5 Nd5 12. Qd3 g6 13. Bh6 Re8 14. h4 Bf8 15. Bxf8 Rxf8 {1-0 (26) De Souza Monteiro,M (2029)-Pereira Fo,H (1828) Belem 2013}) 10. dxc5 {[%emt 0:01:30]} Bxc5 {[%emt 0:01:30]} 11. O-O {[%emt 0:00:30]} Be7 {[%emt 0:08:30]} 12. Qc2 {[%emt 0:02:30]} Nc6 {[%emt 0:05:30]} 13. a3 {[%emt 0:00:30]} Qa5 {[%emt 0:02:30]} 14. Bd2 {[%emt 0:15:30]} ({White should try} 14. e5 $16 Nh5 15. Bd2 (15. Bxh7+ Kh8 $16)) 14... Qc7 {[%emt 0:02:30]} 15. h3 {[%emt 0:01:30]} Bd7 {[%emt 0:12:30]} 16. Rfe1 {[%emt 0:02:30]} Bd6 {[%emt 0:04:30]} 17. Qd1 {[%emt 0:05:30]} Be5 {[%emt 0:11:30]} 18. Nxe5 {[%emt 0:03:30]} Qxe5 {[%emt 0:01:30]} 19. Bb1 {[%emt 0:04:30]} Rac8 {[%emt 0:03:30]} 20. Be3 {[%emt 0:04:30]} Qa5 {[%emt 0:03:30]} 21. f4 $16 {[%emt 0:02:30]} Ne7 {[%emt 0:06:11]} 22. Qd2 {[%emt 0:06:30]} Qh5 {[%emt 0:05:18]} 23. Qf2 {[%emt 0:03:30]} Rfd8 {[%emt 0:03:05]} 24. Bb6 {[%emt 0:01:30]} Re8 {[%emt 0:00:25]} 25. Re3 {[%emt 0:03:30]} Ng6 {[%emt 0:02:19]} 26. Rf1 {[%emt 0:04:30]} Bb5 {[%emt 0:01:35]} 27. Rfe1 {[%emt 0:09:48]} Nd7 {[%emt 0:03:03]} 28. Bd4 {[%emt 0:03:07]} e5 {[%emt 0:03:13]} 29. fxe5 {[%emt 0:01:29]} Ndxe5 {[%emt 0:00:12]} 30. Nd5 {[%emt 0:00:22]} Rc4 {[%emt 0:01:07]} 31. Bc3 {[%emt 0:00:22]} Bc6 {[%emt 0:01:25]} 32. Ba2 {[%emt 0:01:14]} Rc5 {[%emt 0:00:33]} 33. Bd4 {[%emt 0:01:01]} Ra5 {[%emt 0:00:25]} 34. Bc3 {[%emt 0:03:21]} Rc5 {[%emt 0:00:22]} 35. Rg3 {[%emt 0:01:46]} Bd7 {[%emt 0:00:23]} 36. Qxc5 {[%emt 0:01:10]} Qh4 {[%emt 0:00:08]} 37. Qf2 {[%emt 0:00:14]} Bb5 {[%emt 0:00:33]} 38. Bb1 {[%emt 0:00:51]} Qd8 {[%emt 0:00:25]} 39. Bc2 {[%emt 0:01:26]} f6 {[%emt 0:00:41]} 40. Rd1 {[%emt 0:01:25]} Qc8 {[%emt 0:00:37]} 41. Re3 {[%emt 0:00:54]} Nc4 {[%emt 0:01:30]} 42. Ree1 {[%emt 0:00:30]} Bc6 {[%emt 0:01:30]} 43. Bb3 {[%emt 0:01:30]} b5 {[%emt 0:00:30]} 44. Qc5 {[%emt 0:06:30]} Kh8 {[%emt 0:00:30]} 45. Nb4 {[%emt 0:00:00]} Nce5 {[%emt 0:00:30]} 46. Nxc6 {[%emt 0:02:00]} Nxc6 {[%emt 0:01:30]} 47. Bd5 {[%emt 0:01:30]} Nce5 {[%emt 0:00:00]} 48. Qxc8 {[%emt 0:00:30]} Rxc8 {[%emt 0:00:00]} 49. Be6 {[%emt 0:00:00]} Re8 {[%emt 0:00:30]} 50. Bf5 {[%emt 0:00:00]} Nc4 {[%emt 0:00:30]} 51. Rd7 {[%emt 0:01:30]} Nge5 {[%emt 0:00:30]} 52. Rd5 {[%emt 0:00:30]} g6 {[%emt 0:00:30]} 53. Bd7 {[%emt 0:01:30]} Rd8 {[%emt 0:00:30]} 54. Bxe5 {[%emt 0:01:30]} Nxe5 {[%emt 0:00:30]} 55. Red1 {[%emt 0:00:00]} Nc4 {[%emt 0:00:00]} 56. Bg4 {[%emt 0:00:00]} Re8 {[%emt 0:00:00]} 57. Rd8 {[%emt 0:00:30]} Rxd8 {[%emt 0:00:30]} 58. Rxd8+ {[%emt 0:00:30]} Kg7 {[%emt 0:00:30]} 59. Ra8 {[%emt 0:00:00]} Nxb2 {[%emt 0:00:00]} 60. Rxa6 {[%emt 0:01:00]} Nc4 {[%emt 0:00:00]} 61. Be2 {[%emt 0:00:30]} Nd2 {[%emt 0:00:30]} 62. Bxb5 {[%emt 0:00:00]} Nxe4 {[%emt 0:00:00]} 63. Bf1 {[%emt 0:00:00]} Nc5 {[%emt 0:00:00]} 64. Rc6 {[%emt 0:01:30]} Na4 {[%emt 0:00:30]} 65. Bb5 {[%emt 0:00:30]} Nb2 {[%emt 0:00:30]} 66. a4 {[%emt 0:00:30]} Nxa4 {[%emt 0:00:00]} 67. Bxa4 {[%emt 0:00:00]} 1-0

[Event "33rd ECCC Open 2017"]
[Site "Antalya"]
[Date "2017.10.13"]
[Round "6"]
[White "Marsili, Riccardo"]
[Black "Jakobsen, Peter"]
[Result "0-1"]
[WhiteElo "2219"]
[BlackElo "2182"]
[Annotator "NA"]
[PlyCount "84"]
[EventType "team-tourn"]
[EventCountry "TUR"]
[SourceTitle "playchess.com"]
[Source "ChessBase"]
[SourceQuality "1"]
[WhiteTeam "Augusta Perusia"]
[BlackTeam "Nordkalotten"]
[TimeControl "40/5400+30:1800+30"]

1. c4 {[%emt 0:00:30]} c5 {[%emt 0:01:00]} 2. g3 {[%emt 0:00:30]} Nc6 {[%emt 0:00:30]} 3. Bg2 {[%emt 0:00:00]} g6 {[%emt 0:00:00]} 4. Nc3 {[%emt 0:00:00]} Bg7 {[%emt 0:00:00]} 5. Nf3 {[%emt 0:00:00]} e5 {[%emt 0:00:00]} 6. O-O {[%emt 0:00:00]} Nge7 {[%emt 0:00:00]} 7. a3 {[%emt 0:01:30]} O-O {[%emt 0:00:30]} 8. Rb1 {[%emt 0:00:30]} a5 {[%emt 0:01:30]} 9. Ne1 {[%emt 0:00:30]} d6 {[%emt 0:00:00]} 10. Nc2 {[%emt 0:00:30]} Be6 {[%emt 0:00:00]} 11. d3 {[%emt 0:00:30]} d5 {[%emt 0:05:30]} 12. cxd5 {[%emt 0:00:30]} Nxd5 {[%emt 0:00:30]} 13. Ne3 {[%emt 0:00:00]} Nde7 {[%emt 0:00:30]} 14. Nc4 {[%emt 0:00:00]} Rb8 {[%emt 0:06:30] A37: Symmetrical English vs ...g6: 4 Bg2 Bg7 5 Nf3} 15. Qa4 {[%emt 0:02:30]} (15. Bg5 f6 16. Be3 Nd4 17. b4 axb4 18. axb4 b5 19. Nd2 cxb4 20. Rxb4 Qa5 21. Qb1 Nec6 22. Bxc6 Nxc6 {1-0 (68) Anand,V (2785)-Tregubov,P (2607) Bastia 2014}) 15... Bd7 {[%emt 0:05:30]} 16. Qd1 $146 {[%emt 0:11:30]} ({Predecessor:} 16. Qb5 b6 17. Qa6 Bc8 18. Qb5 Nd4 19. Qa4 b5 20. Qxa5 bxc4 21. Qxc5 cxd3 22. exd3 Bb7 23. Ne4 f5 24. Bg5 Re8 25. Nd6 Bxg2 26. Nxe8 Bxf1 27. Nf6+ Bxf6 28. Bxf6 Qd5 {0-1 (28) Ask,J (2103)-Bjarnehag,P (2257) Stockholm 1999}) 16... b5 {[%emt 0:07:30]} 17. Ne3 {[%emt 0:01:30]} Nd4 {[%emt 0:05:30]} 18. Bd2 {[%emt 0:05:30]} a4 {[%emt 0:02:30]} 19. Ned5 {[%emt 0:08:30]} Nxd5 {[%emt 0:09:30]} 20. Nxd5 {[%emt 0:00:30]} Bg4 {[%emt 0:05:30]} 21. Re1 {[%emt 0:01:30]} Be6 {[%emt 0:00:30]} 22. e4 {[%emt 0:02:30]} f5 {[%emt 0:00:30]} 23. Bc3 {[%emt 0:05:30]} Nb3 {[%emt 0:03:30]} 24. f4 {[%emt 0:04:30]} fxe4 {[%emt 0:03:30]} 25. dxe4 $15 {[%emt 0:01:30]} Bxd5 {[%emt 0:00:30]} 26. exd5 {[%emt 0:03:30]} exf4 {[%emt 0:00:00]} 27. gxf4 {[%emt 0:14:30]} Rxf4 {[%emt 0:00:00]} 28. Bxg7 {[%emt 0:03:30]} Kxg7 {[%emt 0:00:30]} 29. Qe2 {[%emt 0:08:30]} Qf6 {[%emt 0:05:30]} 30. Rbd1 {[%emt 0:04:30]} Nd4 {[%emt 0:01:30]} 31. Qe7+ {[%emt 0:02:37]} Qxe7 {[%emt 0:00:30]} 32. Rxe7+ {[%emt 0:00:06]} Rf7 {[%emt 0:01:30]} 33. Rde1 {[%emt 0:00:14]} Rd8 {[%emt 0:01:30]} 34. Re8 {[%emt 0:02:40]} Rd6 {[%emt 0:08:30]} 35. Rc8 {[%emt 0:01:34]} c4 {[%emt 0:01:30]} 36. Rd1 {[%emt 0:01:46]} Ne2+ {[%emt 0:03:30]} 37. Kh1 {[%emt 0:00:07]} Nf4 {[%emt 0:04:27]} 38. Rb8 {[%emt 0:01:26]} Nd3 {[%emt 0:00:20]} 39. Rd2 {[%emt 0:00:20]} Re7 {[%emt 0:04:20]} 40. Bf3 {[%emt 0:00:00]} Rf6 {[%emt 0:03:53]} 41. Bd1 {[%emt 0:05:40]} Rf2 {[%emt 0:02:30]} 42. Rxf2 {[%emt 0:03:30]} Nxf2+ {[%emt 0:00:30]} 0-1

[Event "33rd ECCC Open 2017"]
[Site "Antalya"]
[Date "2017.10.13"]
[Round "6"]
[White "Yazici, Ugur Doga"]
[Black "Mihajlov, Sebastian"]
[Result "0-1"]
[WhiteElo "2213"]
[BlackElo "2393"]
[Annotator "NA"]
[PlyCount "125"]
[EventType "team-tourn"]
[EventCountry "TUR"]
[SourceTitle "playchess.com"]
[Source "ChessBase"]
[SourceQuality "1"]
[WhiteTeam "Genc"]
[BlackTeam "Oslo"]
[TimeControl "40/5400+30:1800+30"]

1. e4 {[%emt 0:00:30]} e5 {[%emt 0:02:00]} 2. Nf3 {[%emt 0:00:30]} Nc6 {[%emt 0:00:30]} 3. Nc3 {[%emt 0:00:00]} Nf6 {[%emt 0:00:30]} 4. Bb5 {[%emt 0:00:00]} Bb4 {[%emt 0:00:30]} 5. O-O {[%emt 0:00:00]} O-O {[%emt 0:00:30]} 6. d3 {[%emt 0:00:00]} d6 {[%emt 0:00:30]} 7. Ne2 {[%emt 0:00:00]} Ne7 {[%emt 0:02:30]} 8. c3 {[%emt 0:00:00]} Ba5 {[%emt 0:00:30]} 9. Ng3 {[%emt 0:00:30] C49: Four Knights: 4 Bb5 Bb4} c6 {[%emt 0:00:30]} 10. Ba4 {[%emt 0:00:00]} h6 {[%emt 0:02:30]} (10... Ng6 11. d4 Re8 12. Bc2 Bb6 13. Be3 d5 14. dxe5 Nxe4 15. Nxe4 dxe4 16. Bxe4 Nxe5 17. Nxe5 Rxe5 18. Bxb6 Qxb6 19. Re1 Bf5 20. Bxf5 Rxf5 {½-½ (43) Wei,Y (2738)-Naiditsch,A (2712) Danzhou 2017}) 11. Re1 {[%emt 0:00:00]} Ng6 {[%emt 0:04:30]} 12. h3 {[%emt 0:00:30]} Bc7 {[%emt 0:06:30]} 13. d4 {[%emt 0:01:30]} Be6 {[%emt 0:04:30]} 14. Bc2 {[%emt 0:00:30]} Qd7 {[%emt 0:03:30]} 15. Be3 {[%emt 0:01:30]} Nf4 $146 {[%emt 0:15:30]} ({Predecessor:} 15... Rfe8 16. Qd2 Rad8 17. Rad1 Qe7 18. Nf5 Bxf5 19. exf5 {½-½ (73) Kalofonos,P (2089)-Zervos,L (2034) Porto Rio 2015}) 16. Bxf4 {[%emt 0:05:30]} exf4 {[%emt 0:02:30]} 17. Ne2 {[%emt 0:00:30]} g5 {[%emt 0:11:30]} 18. e5 {[%emt 0:03:30]} Nh5 {[%emt 0:00:30]} 19. Qd3 {[%emt 0:02:30]} f5 {[%emt 0:00:30]} 20. exd6 {[%emt 0:00:30]} Bxd6 $16 {[%emt 0:00:00]} 21. Rad1 {[%emt 0:04:30]} Bd5 {[%emt 0:04:00]} 22. Bb3 {[%emt 0:01:30]} Bxb3 {[%emt 0:01:30]} 23. axb3 {[%emt 0:00:30]} Rae8 {[%emt 0:01:30]} 24. b4 {[%emt 0:02:30]} Rf6 {[%emt 0:12:30]} 25. d5 {[%emt 0:05:30]} cxd5 {[%emt 0:00:30]} 26. Qxd5+ {[%emt 0:00:30]} Qf7 {[%emt 0:00:30]} 27. Qxf7+ {[%emt 0:00:30]} Kxf7 {[%emt 0:00:30]} 28. Ned4 {[%emt 0:00:30]} Ng7 {[%emt 0:00:30]} 29. Rxe8 {[%emt 0:00:30]} Nxe8 {[%emt 0:00:30]} 30. Ra1 {[%emt 0:00:30]} Bb8 {[%emt 0:00:30]} 31. Ra5 {[%emt 0:00:30]} Nd6 {[%emt 0:00:30]} 32. h4 {[%emt 0:00:30]} Ne4 {[%emt 0:04:52]} 33. Rb5 {[%emt 0:04:30]} b6 {[%emt 0:16:21]} 34. hxg5 {[%emt 0:00:30]} hxg5 {[%emt 0:00:01]} 35. Rd5 {[%emt 0:01:30]} Kg6 {[%emt 0:00:34]} 36. Rd8 {[%emt 0:01:30]} Bd6 {[%emt 0:00:06]} 37. Nc6 {[%emt 0:04:30]} a6 {[%emt 0:01:58]} 38. Nfd4 {[%emt 0:02:30]} g4 {[%emt 0:00:21]} 39. Ra8 {[%emt 0:06:30]} g3 {[%emt 0:00:37]} 40. f3 {[%emt 0:00:00]} Nd2 {[%emt 0:00:40]} 41. Rg8+ {[%emt 0:09:00]} Kh5 {[%emt 0:00:30]} 42. Re8 {[%emt 0:04:30]} b5 {[%emt 0:05:30]} 43. Na5 {[%emt 0:06:30]} Bc7 {[%emt 0:05:30]} 44. Re6 {[%emt 0:00:30]} Kg6 {[%emt 0:02:30]} 45. Rxf6+ {[%emt 0:01:30]} Kxf6 {[%emt 0:00:30]} 46. Ndb3 {[%emt 0:00:30]} Bb6+ {[%emt 0:00:00]} 47. Nc5 {[%emt 0:03:30]} Ke5 {[%emt 0:01:00]} 48. Kh1 {[%emt 0:01:30]} Bxc5 {[%emt 0:01:51]} 49. bxc5 {[%emt 0:00:30]} Kd5 {[%emt 0:00:00]} 50. c6 {[%emt 0:00:30]} Kd6 {[%emt 0:00:00]} 51. b3 {[%emt 0:00:30]} Nf1 {[%emt 0:06:10]} 52. Kg1 {[%emt 0:00:30]} Ne3 {[%emt 0:00:34]} 53. c4 {[%emt 0:00:30]} Kc7 {[%emt 0:01:26]} 54. Kh1 {[%emt 0:02:30]} Nc2 {[%emt 0:04:01]} 55. Kg1 {[%emt 0:02:30]} Nd4 {[%emt 0:00:04]} 56. cxb5 {[%emt 0:00:00]} axb5 {[%emt 0:00:10]} 57. Kf1 {[%emt 0:01:00]} Nxc6 {[%emt 0:00:04]} 58. Nxc6 {[%emt 0:01:30]} Kxc6 {[%emt 0:00:05]} 59. Ke2 {[%emt 0:00:00]} Kc5 {[%emt 0:01:53]} 60. Kd3 {[%emt 0:00:00]} Kb4 {[%emt 0:00:04]} 61. Kc2 {[%emt 0:01:30]} Ka3 {[%emt 0:00:27]} 62. Kc3 {[%emt 0:02:30]} Ka2 {[%emt 0:00:08]} 63. Kd4 {[%emt 0:00:30]} 0-1